Úvod do filozofie médií /

Saved in:
Bibliographic Details
Main Author: Gálik, Slavomír, 1965- (Author)
Format: Book
Language:Slovak
Published: Trnava Fakulta masmediálnej komunikácie UCM 2011
Edition:1. vyd.
Subjects:
ISBN:9788081052699
Online Access: Get full text
Tags: Add Tag
No Tags, Be the first to tag this record!

MARC

LEADER 00000nam a2200000 a 4500
003 SK-BrCVT
005 20230907142650.0
008 150827s2011 xo l e p 000 0 slo
020 |a 9788081052699   |q (brož.)  
035 |a 936C3565-A6AE-40CA-BDF4-EA039BEEDAF0 
035 |a urn:nbn:sk:snk-amjj71 
035 |a urn:nbn:sk:snk-am001zek 
040 |a SNK  |b slo  |c SNK  |e AACR2  |d CVT 
041 0 |a slo 
044 |a xo  |c SK 
072 7 |a 101  |2 konspekt 
072 7 |a 37.016  |2 konspekt 
080 |a 316.774  |2 2001 
080 |a 101  |2 2001 
080 |a (075.8)  |2 2001 
100 1 |a Gálik, Slavomír,  |d 1965-  |4 aut 
245 1 0 |a Úvod do filozofie médií /  |c Slavomír Gálik 
250 |a 1. vyd. 
260 |a Trnava  |b Fakulta masmediálnej komunikácie UCM  |c 2011 
300 |a 85 s. :  |b lit., tab. ;  |c 21 cm 
366 |e 300 ks 
504 |a Bibliografia s. 81-84 ; poznámky 
650 0 7 |a médiá  |x filozofické aspekty  |2 SNKPH 
650 0 7 |a Media  |x philosophical aspects  |2 SNKPHeng 
650 0 7 |a filozofia  |2 SNKPH 
650 0 7 |a Philosophy  |2 SNKPHeng 
653 |a médiá 
655 7 |a učebnice vysokých škôl  |2 SNKPH  |9 34882 
655 7 |a Textbooks (higher)  |2 SNKPHeng  |9 35177 
910 |b A631073 
919 |a 978-80-8105-269-9 
959 |a 02 
974 |a Katarína Repatá  |b Roman Duffek 
992 |a AMG  |a AUV 
999 |c 300864  |d 300864